000 00249nam a22000977a 4500
008 170105b xxu||||| |||| 00| 0 eng d
041 _aeng
080 _22ND
_a618.2
245 _aINTRAVENOUS INFUSION THERAPY FOR NURSES
_cJOSEPHSON, D.L
942 _2udc
_cBK
999 _c2569
_d2569